| 000 | 00339nam a22001337a 4500 | ||
|---|---|---|---|
| 008 | 170817b xxu||||| |||| 00| 0 eng d | ||
| 020 | _a0070293317 | ||
| 041 | _aeng | ||
| 080 |
_23RD _a51 |
||
| 100 | _a36 | ||
| 101 | _aMAT | ||
| 245 |
_aCALCULUS FOR BUSINESS, ECONOMICS, AND THE SOCIAL AND LIFE SCIENCES _cHOFFMANN,L.D |
||
| 942 |
_2udc _cBK |
||
| 999 |
_c23964 _d23964 |
||